|
|
|
|
| LEADER |
00000nam0a2200000 4500 |
| 001 |
261567 |
| 005 |
20231031221654.0 |
| 010 |
|
|
|a 502011829X
|
| 035 |
|
|
|a (RuTPU)RU\TPU\book\284548
|
| 090 |
|
|
|a 261567
|
| 100 |
|
|
|a 20140524d1988 k y0rusy50 ca
|
| 101 |
0 |
|
|a rus
|
| 102 |
|
|
|a RU
|
| 105 |
|
|
|a y z 000zy
|
| 200 |
1 |
|
|a Интенсификация и эффективность социалистического производства
|f А. Г. Аганбегян [и др.]
|g Академия наук Латвийской ССР (АН ЛатССР), Институт экономики ; под ред. Г. М. Сорокина
|
| 210 |
|
|
|a Москва
|c Наука
|d 1988
|
| 215 |
|
|
|a 407 с.
|
| 333 |
|
|
|a Исключено из фонда НТБ ТПУ
|
| 701 |
|
1 |
|a Аганбегян
|b А. Г.
|
| 701 |
|
1 |
|a Абалкин
|b Л. И.
|
| 701 |
|
1 |
|a Сорокин
|b Г. М.
|
| 701 |
|
1 |
|a Рыбин
|b В. И.
|
| 702 |
|
1 |
|a Сорокин
|b Г. М.
|4 340
|
| 712 |
0 |
2 |
|a Академия наук Латвийской ССР (АН ЛатССР)
|b Институт экономики
|
| 801 |
|
1 |
|a RU
|b 63413507
|c 20140524
|
| 801 |
|
2 |
|a RU
|b 63413507
|c 20220314
|g RCR
|
| 942 |
|
|
|c BK
|